000 01081nam a22003497a 4500
003 CHAP
005 20220817041302.0
008 971013s1972 r 00010 d
010 _a10336
011 _a11308
035 _a10546
040 _cCHAP
082 _a001.642
_bD34
100 0 0 _aDahl, O. J.
_930894
245 _aStructured programming
260 _aLondon :
_bAcademic Press,
_c1972
300 _a220 p
490 _aA.P.I.C. studies in data processing
590 _aBATCH-UPD
_b10
_c20130109
_lUCH01
_h2358
590 _aBATCH-UPD
_b10
_c20130110
_lUCH01
_h1952
590 _aBATCH-UPD
_b10
_c20130410
_lUCH01
_h1313
590 _aBATCH-UPD
_b10
_c20130914
_lUCH01
_h0816
590 _aCONVERSION
_b10
_c20130109
_lUCH01
_h1307
650 1 4 _aCalculadoras electrónicas digitales.
_917346
650 1 4 _aProgramación.
700 0 _aDykstra, E. W.
_934811
700 0 _aHoare, C. A. R.
_955695
830 0 _aA.P.I.C. studies in data processing
_9118
901 _aBK
942 _cLIBRO
949 _a001.642 D34
_bBC
_cLIBRO
_d33724000288437
_eLIBRO
_h41669
_i10546
_mD
_si
999 _c10336
_d10336